Genero, educación y desarrollo

Saved in:
Bibliografiske detaljer
Hovedforfatter: Ruiz Bravo, Patricia (Author)
Format: Bog
Sprog:spansk
Udgivet: Santiago Orealc/Unesco 1994
Fag:
Tags: Tilføj Tag
Ingen Tags, Vær først til at tagge denne postø!

MARC

LEADER 00000nam a2200000 a 4500
001 UCH9743
003 CL-VaPUC
008 100121e19940000CL |||||||||||||||||spa|d
082 0 4 |a 371.822  |b RUI  |2 21 
100 0 |a Ruiz Bravo, Patricia  |e author  |9 546999 
245 1 0 |a Genero, educación y desarrollo 
300 |a 95 p 
942 |c BK 
945 |d 20100121 00:00:00  |a rbrito 
260 |a Santiago  |b Orealc/Unesco  |c 1994 
650 7 |a ECONOMIA DOMESTICA  |2 CL-VaPUC  |9 338711 
650 0 |a Roles de género  |9 547000 
650 7 |a EDUCACION DE LA MUJER  |2 CL-VaPUC  |9 307884 
650 0 |a Mujeres  |9 257649 
650 0 |a Feminismo  |9 259085 
583 |a last modification  |c 20170911 01:18:25  |k Rodrigo Vera 
999 |c 339634  |d 339632 
952 |0 0  |1 0  |4 0  |6 371_822000000000000_RUI_1994  |7 0  |8 A  |9 433398  |a BIBEDU  |b BIBEDU  |d 2019-11-22  |i 4636740  |o 371.822 RUI 1994  |p 4636740  |r 2019-11-22  |w 2019-11-22  |y BK  |k EPE 
952 |0 0  |1 0  |4 0  |6 371_822000000000000_RUI_1994  |7 0  |8 A  |9 433399  |a BIBEDU  |b BIBEDU  |d 2019-11-22  |i 4636759  |o 371.822 RUI 1994  |p 4636759  |r 2019-11-22  |w 2019-11-22  |y BK  |k EPE